Managing diversity in the organization creativity - competence - knowledge - trust

Enregistré dans:
Détails bibliographiques
Autres auteurs: Sokół, Aneta
Format: Livre
Langue:anglais
Publié: London SCIEMCEE 2015
Sujets:
Tags: Ajouter un tag
Pas de tags, Soyez le premier à ajouter un tag!

MARC

LEADER 00000nam a2200000 4500
001 0199881
005 20240314123145.2
020 |a 978-0-9928772-3-1 
041 0 |a eng 
044 |a GB 
245 1 0 |a Managing diversity in the organization  |b creativity - competence - knowledge - trust  |c editor: Aneta Sokół 
264 1 |a London  |b SCIEMCEE  |c 2015 
300 |a 142 s. 
610 2 0 |a podnik 
610 2 0 |a organizácia 
610 2 0 |a diverzita 
610 2 0 |a zamestnanci 
610 2 0 |a kreativita 
610 2 0 |a riadenie 
610 2 0 |a kompetencie manažérske 
610 2 0 |a kapitál ľudský 
610 2 0 |a vedomosti 
610 2 0 |a manažment znalostný 
610 2 0 |a riadenie ľudských zdrojov 
610 2 0 |a trh finančný 
610 2 0 |a konkurencieschopnosť 
700 1 |a Sokół, Aneta